<?xml version="1.0" encoding="UTF-8"?>
<record
    xmlns:xsi="http://www.w3.org/2001/XMLSchema-instance"
    xsi:schemaLocation="http://www.loc.gov/MARC21/slim http://www.loc.gov/standards/marcxml/schema/MARC21slim.xsd"
    xmlns="http://www.loc.gov/MARC21/slim">

  <leader>00567nam a2200157Ia 4500</leader>
  <controlfield tag="008">260422s2024    xx            000 0 und d</controlfield>
  <datafield tag="020" ind1=" " ind2=" ">
    <subfield code="a">978-93-340-9251-6</subfield>
  </datafield>
  <datafield tag="041" ind1=" " ind2=" ">
    <subfield code="a">hin</subfield>
  </datafield>
  <datafield tag="082" ind1=" " ind2=" ">
    <subfield code="a">920</subfield>
    <subfield code="b">&#x936;&#x93E;&#x939;&#x93E;</subfield>
  </datafield>
  <datafield tag="100" ind1=" " ind2=" ">
    <subfield code="a">&#x936;&#x93E;&#x939;&#x93E; &#x930;&#x92E;&#x923;&#x932;&#x93E;&#x932;</subfield>
  </datafield>
  <datafield tag="245" ind1=" " ind2=" ">
    <subfield code="a">&#x91B;&#x924;&#x94D;&#x930;&#x92A;&#x924;&#x940; &#x936;&#x93F;&#x935;&#x93E;&#x91C;&#x940; &#x92E;&#x939;&#x93E;&#x930;&#x93E;&#x91C; : &#x90F;&#x915; &#x92F;&#x941;&#x917;&#x92A;&#x94D;&#x930;&#x935;&#x930;&#x94D;&#x924;&#x915; &#x938;&#x947;&#x928;&#x93E;&#x928;&#x940;</subfield>
  </datafield>
  <datafield tag="260" ind1=" " ind2=" ">
    <subfield code="a">&#x938;&#x93E;&#x924;&#x93E;&#x930;&#x93E;</subfield>
    <subfield code="b">&#x905;&#x928;&#x93F;&#x915;&#x924;&#x93E; &#x930;&#x94B;&#x939;&#x93F;&#x924; &#x936;&#x93E;&#x939;&#x93E;</subfield>
    <subfield code="c">2024</subfield>
  </datafield>
  <datafield tag="300" ind1=" " ind2=" ">
    <subfield code="a">378 &#x92A;&#x943;.</subfield>
  </datafield>
  <datafield tag="365" ind1=" " ind2=" ">
    <subfield code="c">Rs.</subfield>
    <subfield code="e">600</subfield>
  </datafield>
  <datafield tag="650" ind1=" " ind2=" ">
    <subfield code="a">&#x928;&#x947;&#x924;&#x943;&#x924;&#x94D;&#x935;</subfield>
  </datafield>
  <datafield tag="999" ind1=" " ind2=" ">
    <subfield code="c">1220912</subfield>
    <subfield code="d">1220912</subfield>
  </datafield>
  <datafield tag="952" ind1=" " ind2=" ">
    <subfield code="0">0</subfield>
    <subfield code="1">0</subfield>
    <subfield code="4">0</subfield>
    <subfield code="7">0</subfield>
    <subfield code="a">AKS</subfield>
    <subfield code="b">AKS</subfield>
    <subfield code="d">2026-04-22</subfield>
    <subfield code="g">600.00</subfield>
    <subfield code="l">0</subfield>
    <subfield code="o">920/&#x936;&#x93E;&#x939;&#x93E;</subfield>
    <subfield code="p">AKS-X-00583</subfield>
    <subfield code="r">2026-04-22 00:00:00</subfield>
    <subfield code="v">600.00</subfield>
    <subfield code="w">2026-04-22</subfield>
    <subfield code="y">BK</subfield>
  </datafield>
  <datafield tag="952" ind1=" " ind2=" ">
    <subfield code="0">0</subfield>
    <subfield code="1">0</subfield>
    <subfield code="4">0</subfield>
    <subfield code="7">0</subfield>
    <subfield code="a">AKS</subfield>
    <subfield code="b">AKS</subfield>
    <subfield code="d">2026-04-22</subfield>
    <subfield code="g">600.00</subfield>
    <subfield code="l">0</subfield>
    <subfield code="o">920/&#x936;&#x93E;&#x939;&#x93E;</subfield>
    <subfield code="p">AKS-X-00584</subfield>
    <subfield code="r">2026-04-22 00:00:00</subfield>
    <subfield code="v">600.00</subfield>
    <subfield code="w">2026-04-22</subfield>
    <subfield code="y">BK</subfield>
  </datafield>
  <datafield tag="952" ind1=" " ind2=" ">
    <subfield code="0">0</subfield>
    <subfield code="1">0</subfield>
    <subfield code="4">0</subfield>
    <subfield code="7">0</subfield>
    <subfield code="a">AKS</subfield>
    <subfield code="b">AKS</subfield>
    <subfield code="d">2026-04-22</subfield>
    <subfield code="g">600.00</subfield>
    <subfield code="l">0</subfield>
    <subfield code="o">920/&#x936;&#x93E;&#x939;&#x93E;</subfield>
    <subfield code="p">AKS-X-00585</subfield>
    <subfield code="r">2026-04-22 00:00:00</subfield>
    <subfield code="v">600.00</subfield>
    <subfield code="w">2026-04-22</subfield>
    <subfield code="y">BK</subfield>
  </datafield>
  <datafield tag="952" ind1=" " ind2=" ">
    <subfield code="0">0</subfield>
    <subfield code="1">0</subfield>
    <subfield code="4">0</subfield>
    <subfield code="7">0</subfield>
    <subfield code="a">AKS</subfield>
    <subfield code="b">AKS</subfield>
    <subfield code="d">2026-04-22</subfield>
    <subfield code="g">600.00</subfield>
    <subfield code="l">0</subfield>
    <subfield code="o">920/&#x936;&#x93E;&#x939;&#x93E;</subfield>
    <subfield code="p">AKS-X-00586</subfield>
    <subfield code="r">2026-04-22 00:00:00</subfield>
    <subfield code="v">600.00</subfield>
    <subfield code="w">2026-04-22</subfield>
    <subfield code="y">BK</subfield>
  </datafield>
  <datafield tag="952" ind1=" " ind2=" ">
    <subfield code="0">0</subfield>
    <subfield code="1">0</subfield>
    <subfield code="4">0</subfield>
    <subfield code="7">0</subfield>
    <subfield code="a">AKS</subfield>
    <subfield code="b">AKS</subfield>
    <subfield code="d">2026-04-22</subfield>
    <subfield code="g">600.00</subfield>
    <subfield code="l">0</subfield>
    <subfield code="o">920/&#x936;&#x93E;&#x939;&#x93E;</subfield>
    <subfield code="p">AKS-X-00587</subfield>
    <subfield code="r">2026-04-22 00:00:00</subfield>
    <subfield code="v">600.00</subfield>
    <subfield code="w">2026-04-22</subfield>
    <subfield code="y">BK</subfield>
  </datafield>
  <datafield tag="952" ind1=" " ind2=" ">
    <subfield code="0">0</subfield>
    <subfield code="1">0</subfield>
    <subfield code="4">0</subfield>
    <subfield code="7">0</subfield>
    <subfield code="a">AKS</subfield>
    <subfield code="b">AKS</subfield>
    <subfield code="d">2026-04-22</subfield>
    <subfield code="g">600.00</subfield>
    <subfield code="l">0</subfield>
    <subfield code="o">920/&#x936;&#x93E;&#x939;&#x93E;</subfield>
    <subfield code="p">AKS-X-00588</subfield>
    <subfield code="r">2026-04-22 00:00:00</subfield>
    <subfield code="v">600.00</subfield>
    <subfield code="w">2026-04-22</subfield>
    <subfield code="y">BK</subfield>
  </datafield>
  <datafield tag="952" ind1=" " ind2=" ">
    <subfield code="0">0</subfield>
    <subfield code="1">0</subfield>
    <subfield code="4">0</subfield>
    <subfield code="7">0</subfield>
    <subfield code="a">AKS</subfield>
    <subfield code="b">AKS</subfield>
    <subfield code="d">2026-04-22</subfield>
    <subfield code="g">600.00</subfield>
    <subfield code="l">0</subfield>
    <subfield code="o">920/&#x936;&#x93E;&#x939;&#x93E;</subfield>
    <subfield code="p">AKS-X-00589</subfield>
    <subfield code="r">2026-04-22 00:00:00</subfield>
    <subfield code="v">600.00</subfield>
    <subfield code="w">2026-04-22</subfield>
    <subfield code="y">BK</subfield>
  </datafield>
  <datafield tag="952" ind1=" " ind2=" ">
    <subfield code="0">0</subfield>
    <subfield code="1">0</subfield>
    <subfield code="4">0</subfield>
    <subfield code="7">0</subfield>
    <subfield code="a">AKS</subfield>
    <subfield code="b">AKS</subfield>
    <subfield code="d">2026-04-22</subfield>
    <subfield code="g">600.00</subfield>
    <subfield code="l">0</subfield>
    <subfield code="o">920/&#x936;&#x93E;&#x939;&#x93E;</subfield>
    <subfield code="p">AKS-X-00590</subfield>
    <subfield code="r">2026-04-22 00:00:00</subfield>
    <subfield code="v">600.00</subfield>
    <subfield code="w">2026-04-22</subfield>
    <subfield code="y">BK</subfield>
  </datafield>
  <datafield tag="952" ind1=" " ind2=" ">
    <subfield code="0">0</subfield>
    <subfield code="1">0</subfield>
    <subfield code="4">0</subfield>
    <subfield code="7">0</subfield>
    <subfield code="a">AKS</subfield>
    <subfield code="b">AKS</subfield>
    <subfield code="d">2026-04-22</subfield>
    <subfield code="g">600.00</subfield>
    <subfield code="l">0</subfield>
    <subfield code="o">920/&#x936;&#x93E;&#x939;&#x93E;</subfield>
    <subfield code="p">AKS-X-00591</subfield>
    <subfield code="r">2026-04-22 00:00:00</subfield>
    <subfield code="v">600.00</subfield>
    <subfield code="w">2026-04-22</subfield>
    <subfield code="y">BK</subfield>
  </datafield>
  <datafield tag="952" ind1=" " ind2=" ">
    <subfield code="0">0</subfield>
    <subfield code="1">0</subfield>
    <subfield code="4">0</subfield>
    <subfield code="7">0</subfield>
    <subfield code="a">AKS</subfield>
    <subfield code="b">AKS</subfield>
    <subfield code="d">2026-04-22</subfield>
    <subfield code="g">600.00</subfield>
    <subfield code="l">0</subfield>
    <subfield code="o">920/&#x936;&#x93E;&#x939;&#x93E;</subfield>
    <subfield code="p">AKS-X-00592</subfield>
    <subfield code="r">2026-04-22 00:00:00</subfield>
    <subfield code="v">600.00</subfield>
    <subfield code="w">2026-04-22</subfield>
    <subfield code="y">BK</subfield>
  </datafield>
  <datafield tag="952" ind1=" " ind2=" ">
    <subfield code="0">0</subfield>
    <subfield code="1">0</subfield>
    <subfield code="4">0</subfield>
    <subfield code="7">0</subfield>
    <subfield code="a">AKS</subfield>
    <subfield code="b">AKS</subfield>
    <subfield code="d">2026-04-22</subfield>
    <subfield code="g">600.00</subfield>
    <subfield code="l">0</subfield>
    <subfield code="o">920/&#x936;&#x93E;&#x939;&#x93E;</subfield>
    <subfield code="p">AKS-X-00593</subfield>
    <subfield code="r">2026-04-22 00:00:00</subfield>
    <subfield code="v">600.00</subfield>
    <subfield code="w">2026-04-22</subfield>
    <subfield code="y">BK</subfield>
  </datafield>
</record>
